000
00227nam a2200097Ia 4500
008
230605s9999 xx 000 0 und d
041
_a
eng
100
_a
Konemann
245
_a
Dine with Europes cold Appetizers
650
_a
F. P.
999
_c
416891
_d
416891